MARC

LEADER 00000nas a2200000 4500
001 ssj0006790
003 WaSeSS
005 20200512172242.0
006 m d
007 cr n
008 760213c19659999onczr p s 0 a0eng
010 |a cn 76319739  
016 |a (AMICUS)000000120320 
016 7 |a 0352503  |2 DNLM 
016 7 |a M16520000  |2 DNLM 
016 7 |a 011755918  |2 Uk 
022 |y 0025-7435 
030 |a MEDPAI 
035 |a (WaSeSS)ssj0006790 
040 |a NLC  |b eng  |c NLC  |d OCLCO  |d OCLCF  |d RCS  |d NSD  |d NLM  |d CUS  |d UKMGB  |d OCLCO  |d OCLCA  |d WaSeSS 
042 |a nlc  |a isds/c 
055 0 1 |a R11 
060 0 0 |a W1  |b ME412M 
082 0 |a 610/.9714  |2 19 
084 |a cci1icc  |2 lacc 
210 0 |a Med. post 
222 0 |a Medical post 
245 0 4 |a The Medical post  |h [electronic resource]. 
260 |a Toronto,  |b Maclean-Hunter. 
310 |a Frequency varies 
321 |a Fortnightly,  |b Sept. 14, 1965- 
362 0 |a v. 1- Sept. 14, 1965- 
506 |a License restrictions may limit access. 
525 |a Supplements accompany some numbers. 
650 0 |a Medicine  |z Québec (Province)  |x Periodicals. 
650 0 |a Medicine  |x Periodicals. 
650 7 |a Medicine.  |2 fast  |0 (OCoLC)fst01014893 
650 2 |a Medicine. 
651 7 |a Québec.  |2 fast  |0 (OCoLC)fst01207316 
655 0 |a Electronic journals. 
775 0 |t Courrier médical.:  |d [Montréal : Société des publications spécialisées Maclean-Hunter, 1980-1985]  |e fre  |f quc  |x 0229-2912  |w (CaOONL) 810302373  |w (OCoLC)7857961  |w (DLC)cn 81030237 
776 1 |t Medical post.  |d Toronto : Micromedia, 1988-  |x 0025-7435  |w (CaOONL) 910323771  |w (OCoLC)24623230  |w (DLC)cn 91032377 
856 4 0 |z Full text available from Research Library: 01/09/1996 to 12/31/2017  |u https://search.proquest.com/publication/48169 
856 4 0 |z Full text available from Research Library: 01/01/2019 to present  |u https://search.proquest.com/publication/48169